The Penguin book of homosexual verse /

Guardat en:
Dades bibliogràfiques
Altres autors: Coote, Stephen
Format: Llibre
Idioma:anglès
Publicat: Harmondsworth ; New York : Penguin Books, 1986
Edició:Reprinted with revisions
Col·lecció:Penguin book. Poetry
Etiquetes: Afegir etiqueta
Sense etiquetes, Sigues el primer a etiquetar aquest registre!

MARC

LEADER 00000nam a22000007i 4500
001 IT\ICCU\UBO\3348755
003 ItRI
005 20260115231813.0
008 080107s1986 xxk|||||| ||||| |||||c
020 |a 0140585516 
040 |b ita  |c importazione bologna sebina 
041 7 |a eng  |2 ISO-639-2 
245 0 4 |a The Penguin book of homosexual verse /  |c edited by Stephen Coote. 
250 |a Reprinted with revisions 
260 |a Harmondsworth ;  |a New York :  |b Penguin Books,  |c 1986 
300 |a 408 p. ;  |c 20 cm. 
700 1 |a Coote, Stephen  |0 IT\ICCU\RAVV\031503 
830 0 |a Penguin book. Poetry  |0 IT\ICCU\TO0\0571392 
942 |2 ddc  |c BK  |n 0 
952 |0 0  |1 0  |4 0  |6 DOC_808_819000000000000_COO  |7 0  |9 13016  |a BO  |b BO  |d 2026-01-15  |i 11612  |l 0  |o DOC 808.819 COO  |p BO11612  |r 2026-01-15 23:18:13  |w 2026-01-15  |x [Sebina 5] [1 v.]  |y BK  |z 1 v. 
999 |c 11148  |d 11148